Jodie Foster - Roles by Picture - Statistics

General Stats
  • This quiz has been taken 8 times
  • The average score is 20 of 66
Answer Stats
Picture Answer % Correct
Clarice Starling
86%
Maggie Roark
71%
Iris Steensma
43%
Katie Chandler
43%
Laurel Sommersby
43%
Madeleine White
43%
Meg Altman
43%
Penelope Longstreet
43%
Tallulah
43%
Addie Pray
29%
Alethea Patricia Ingram
29%
Alexandra 'Alex' Rover
29%
Annabel Andrews
29%
Annabelle Bransford
29%
Anna Leonowens
29%
Anne Benton
29%
Anne Chan
29%
Audrey
29%
Barbara O'Hara
29%
Becky Thatcher
29%
Bluebird
29%
Casey Brown
29%
Dede Tate
29%
Deirdre Striden
29%
Donna
29%
Eleanor Arroway
29%
Elizabeth Henderson
29%
Elodie Gordes
29%
Erica Bain
29%
Franny Berry
29%
Hélène Bertrand
29%
Isabelle Tristan / Fleur Bleue
29%
Jeanie
29%
Jean Thomas / The Nurse
29%
Jenny Benson
29%
Joey Kelly
29%
Judy
29%
Julie Lawrence
29%
Kyle Pratt
29%
Liberty Cole
29%
Linda
29%
Maggie
29%
Martha McIver
29%
Mary Bennett
29%
Meredith Black
29%
Nancy
29%
Nancy Hollander
29%
Nell Kellty
29%
Patricia
29%
Pip Barker
29%
Priscilla Hobson
29%
Pugsley Addams
29%
Rachel Pickett
29%
Rynn Jacobs
29%
Samantha
29%
Sarah Tobias
29%
SecDef Jessica Delacourt
29%
Sister Assumpta
29%
Suellen McIver
29%
Teresina Fedeli
29%
Victoria
29%
Zoe Alexander
29%
Marieanne
14%
Sharon Lee
14%
T.K. Dearing
14%
Dorrie
0%
No matching quizzes found
Score Distribution
Percent of People with Each Score
Percentile by Number Answered
Your Score History
You have not taken this quiz